पंचतंत्र की प्रेरक कहानियाँ / (Record no. 215275)

MARC details
000 -LEADER
fixed length control field 00704nam a22001697a 4500
005 - DATE AND TIME OF LATEST TRANSACTION
control field 20260301153100.0
010 ## - LCCN (DPL NO)
LC control number BACCHHN26
020 ## - INTERNATIONAL STANDARD BOOK NUMBER
Terms of availability 425.00
International Standard Book Number 9789385744532
037 ## - SOURCE OF ACQUISITION
Source of stock number/acquisition अभिमन्यु प्रकाशन
082 ## - DEWEY DECIMAL CLASSIFICATION NUMBER
Classification number
100 ## - MAIN ENTRY--PERSONAL NAME
Personal name कौशिक,अशोक
245 ## - TITLE STATEMENT
Title पंचतंत्र की प्रेरक कहानियाँ /
Statement of responsibility, etc अशोक कौशिक
260 ## - PUBLICATION, DISTRIBUTION, ETC. (IMPRINT)
Place of publication, distribution, etc दिल्ली
Name of publisher, distributor, etc अभिमन्यु प्रकाशन
Date of publication, distribution, etc 2025
270 ## - ADDRESS
Address सी-19, सी. सी. कॉलोनी
City दिल्ली
Postal code 110007
300 ## - PHYSICAL DESCRIPTION
Extent 112पृ.
Dimensions 26 सेमी.(सजिल्द)
942 ## - ADDED ENTRY ELEMENTS (KOHA)
Source of classification or shelving scheme Dewey Decimal Classification
Item type Children Books
Classification part
Call number suffix कौशिक

No items available.


© Delhi Public Library
Hit Counter
free hit counter